Quizzes
Events
Quiz Creation
Community
Videos
Private Events
Remove Ads
Sign In
Join for FREE
Feedback
Dark Mode
Quiz Categories
Sports
Geography
Music
Movies
Television
Just For Fun
Miscellaneous
History
Literature
Language
Science
Gaming
Entertainment
Religion
Holiday
For Kids
Quiz Lab
Recent
Popular Today
Quiz Kudos Today
Editor Picks
Curator Picks
Quizzes by...
Day
Popularity
Type
Ratings
Length
Year
Community
Subscriptions
Recent Discussions
Orange Saloon
Badges
Playlists
Quests
Create
Leaderboards
Showdown
Live 5
Trivia Bingo
Activity
Puzzle Library
Sporcle Events
Private Events
Virtual Trivia
Globe League
Become a Host
Pub Owners
SporcleCon
Opinionation
Our Games
Videos
Blog
Mobile Apps
Partnerships
Remove Ads and Go Orange
Feedback
Gaming
Video Games
Board Games
Card Games
Pokémon
Mario
Nintendo
Minecraft
Console
Toys
Legend of Zelda
Gaming
Video Games
Board Games
Card Games
Pokémon
Mario
Nintendo
Minecraft
Console
Toys
Legend of Zelda
Random Quiz
Search Sporcle
×
Quiz Lab
Quiz Lab
Gaming
Video Games
Type in answers that appear in a list
Type in answers that appear in a list
Classic
Best Score? Go Orange.
Timesplitters 2 Arcade and Challenges Stats
Can you name the Timesplitters 2 Arcade League Levels and Challenges?
By
boromir
15m
66 Questions
22 Plays
22 Plays
22 Plays
Comments
Comments
Give Quiz Kudos
Give Quiz Kudos
-
- Ratings
hide this ad
Replay
Link that replays current quiz
Next Quiz
Link to next quiz in quiz playlist
You Got
0%
They Got
Avg Score
77%
Avg Friend Score
Upgrade to see
Score Distribution
Jump to the score distribution portion of the page
Score
0/66
Timer
15:00
0
Plays Today
League
Answer
% Correct
Amateur League
Top Shot
100%
Amateur League
Monkey Immolation
100%
Amateur League
Burns Department
100%
Honorary League
Rice Cracker Rush
100%
Amateur League
Disco Inferno
95.5%
Amateur League
Men in Grey
95.5%
Honorary League
Can't Handle This
95.5%
Elite League
If I'm Ugly-You Smell
95.5%
Elite League
Golem Guru
95.5%
Elite League
Golden Thighs
95.5%
Elite League
Bags of Fun
95.5%
Elite League
They're Not Pets!
95.5%
Elite League
Nice Threads
95.5%
Challenge
Pane in the Neck
95.5%
Challenge
But Where Do the Batteries Go?
95.5%
Amateur League
Club Soda
90.9%
Elite League
Half Death
90.9%
Challenge
Bricking It
90.9%
Challenge
Sergio's Last Stand
90.9%
Challenge
Escape From NeoTokyo
90.9%
Challenge
Gone Bananas
90.9%
Challenge
Badass Buspass Impasse
90.9%
Challenge
Hit Me Baby One Morgue Time
90.9%
Challenge
Dam Bursters
90.9%
Honorary League
Superfly Lady
86.4%
Challenge
Stain Removal
86.4%
Challenge
Day of the Dammed
86.4%
Challenge
Fallout
86.4%
Honorary League
Killer Queen
81.8%
Honorary League
R-109 Beta
81.8%
Honorary League
Time to Split
81.8%
Challenge
Silent But Deadly
81.8%
Amateur League
Adios Amigos
77.3%
League
Answer
% Correct
Amateur League
Chastity Chased
77.3%
Amateur League
Night Shift
77.3%
Honorary League
Someone Has Got To Pay
77.3%
Honorary League
Hack a Hacker
77.3%
Challenge
Fight Off the Living Dead
77.3%
Challenge
Trouble at the Docks
77.3%
Challenge
Pick Yer Piece
77.3%
Challenge
Simian Shootout
77.3%
Amateur League
Casualty
72.7%
Honorary League
Brace Yourself
72.7%
Honorary League
Snow Business
72.7%
Challenge
Monkey Mayhem
72.7%
Amateur League
Shrinking From the Cold
68.2%
Honorary League
Chinese Burns
68.2%
Elite League
Double Bill
68.2%
Elite League
Hangar Hats Off!
68.2%
Elite League
Aztec the Dinosaur Hunter
68.2%
Challenge
Playing With Fire
68.2%
Amateur League
Demolition Derby
63.6%
Honorary League
Rocket Man
63.6%
Elite League
Nicki Jinki Bricky
63.6%
Challenge
Monkey Business
63.6%
Amateur League
Spoils of War
59.1%
Honorary League
Baking For the Taking
59.1%
Elite League
Can't Please Everyone
59.1%
Honorary League
Cold Corpse Caper
54.5%
Elite League
Dead Fraction
54.5%
Challenge
Take em Down
50%
Amateur League
Scrap Metal
45.5%
Elite League
Big Top Blowout
45.5%
Elite League
Babes in the Woods
40.9%
Amateur League
Station Stand
36.4%
Honorary League
Starship Whoopers
22.7%
Quiz Playlist
Details
Report
Send in Message
Add To Playlist
Classic:
Type in answers that appear in a list
Last Updated: Feb 23, 2020
Quiz Scoreboard
CHALLENGE
Sign Up to Join the Scoreboard
Show All
Scores
Hide
Comments
May contain spoilers
Recently Published
Popular People in 1961
by mucciniale
History
6m
1-10 Letter E Words III
by El_Dandy
Language
2m
One Thing in Common: World Cities II
by knightlancer
Geography
7m
More to Explore
Quiz From the Vault
Featured Blog Post
Where Did the Easter Bunny Come From?
hide this ad
You Might Also Like...
Tags
Video Games Quiz
Level
Shooter
Today's Top Quizzes in Gaming
Browse Gaming
hide this ad
Today's Top Quizzes in Video Games
Browse Video Games
Top Contributed Quizzes in Gaming
1
Destiny 2 exotic weapons by perk icons
2
Who's on the WWE 2K24 Cover?
3
Windmill: Pokémon
4
Genshin Impact Logic Puzzle
5
Overwatch 2: Ultimate Ability Icons
6
Overwatch 2 Heroes by Selection Quote
7
Genshin murder mystery
8
Legendary or Exotic?
9
Overwatch Logic Puzzle
10
Genshin Impact Logic Puzzle Quiz II
Explore More
Trending Topics
Harry Potter
Anime
Kpop
NBA
Marvel
Crossword
Disney
Puzzle
Country
WWE
NFL
Pokémon
Soccer
Song
The Office
hide this ad
More By:
boromir
Quiz
Plays
Rating
Category
Featured
Created
Planet Rock's Top 100 Rock Songs
4,929
4.65
Music
Jun 23, 2014
5 Star Actors-Star Wars
2,059
4.14
Movies
Mar 14, 2014
30 in 60: Anime Characters
2,033
2.50
Television
Mar 7, 2015
30 in 60: Rock Albums
1,951
4.45
Music
Jan 9, 2015
5 Star Sci Fi Movies
1,657
3.90
Movies
Jun 2, 2014
Go to Creator's Profile
Score Distribution
Quiz Creator Spotlight
boromir
Follow
Send a Message
Quizzes Created
-
Created Quiz Play Count
-
More By This Creator
Popular Quizzes Today
1
Find the US States - No Outlines Minefield
2
The Countries of the World
3
Popular People in 1961
4
Find the Countries of Europe - No Outlines Minefield
5
1-10 Letter E Words III
6
Find the US States
7
One Thing in Common: World Cities II
8
US States
More Gaming Quizzes
B & E: Video Game Companies
Editor's Pick
Trending Quizzes
Country Music Stars Doing Things
Get the Picture: Carrie or Dolly
1-10 Letter F Words
1-10 Letter G Words
Risky Map Clicking: Next State Alphabetically
Recently Updated
Leaping Animals
pecheneg
Reality TV Shows (A-Z)
bhenderson79
Rickey Henderson's Hall of Fame Teammates
pecheneg
Champions League XIs: Arsenal
pecheneg
Quick Pick: Celebrities in WWE's Hall of Fame
aduchscher
A-Z Keypad Blitz II
pecheneg
Multiple Oscar Actors
pecheneg
Mystery Phrase Blitz: Oscar 'Best Actors'
pecheneg
F. Scott Fitzgerald Novels
LTH
Pick 3 Villains
ddd62291
Trending Topics
Harry Potter
NBA
Marvel
Crossword
Disney
Anime
Kpop
The Office
Puzzle
NFL
Country
Pokémon
Soccer
WWE
Song
Your Account Isn't Verified!
In order to create a playlist on Sporcle, you need to verify the email address you used during registration. Go to your
Sporcle Settings
to finish the process.
Report this User
Report this user for behavior that violates our
Community Guidelines
.
Details:
Send Report
Go to the Sporcle.com Mobile Site →
Comments